000 00437nam a22001577a 4500
005 20231121132014.0
008 231121b |||||||| |||| 00| 0 eng d
041 _aEnglish
082 _a342.8 AFR
100 _lEnglish
245 _aDeclaration of Principles on Freedom of Expression in Africa
260 _c 2002
300 _b8 pages ;
_c22 cm.
650 _aLegal practice
_bLaw
942 _cBK
_6ALISON_BN_VRIES
999 _c844
_d844